000 01335nam0a2200361 4500
001 RU\NLR\BIBL_A\022680917
005 20260420061127.0
010 _a978-5-908024-05-1
_95000
021 _aRU
_bКН-П-25-064776
_9КН-П-25-6279
035 _a(NLR Aleph) 022680917
090 _a13686605
_c13686605
100 _a20251205d2025 c y0rusy50 ca
101 0 _arus
102 _aRU
105 _aa j 000zy
181 0 _ai2
_baxxe
181 0 _ab2
_bbb2e
182 0 _an
200 1 _aАзбука Л. Н. Толстого
_fхудожник Варвара Леднёва
203 _aТекст
_aИзображение
_bвизуальные
_cнепосредственные
210 _aМосква
_cДоброе детство
_d2025
215 _a174, [1] с.
_cцв. ил.
_d27
333 _a6+
606 1 _aДошкольники
_xОбучение чтению
_92089883
_3RU\NLR\auth\661265029
686 0 _aШ9(2)60=Р5-4
686 1 _aЧ411.382.1
700 1 _7ca
_8rus
_aТолстой
_bЛ. Н.
_f1828-1910
_gЛев Николаевич
_9111537
_3RU\NLR\AUTH\771515
702 1 _4040
_7ca
_8rus
_aЛеднёва
_bВ. А.
_f1985-
_gВарвара Андреевна
_9186618
_3RU\NLR\AUTH\770186669
942 _cBOOK
980 _aNB